00949nam a2200229 a 450000100060000000300080000600500170001400800410003103500190007204000350009104100080012608200310013410000230016524501950018826000650038330000400044850200710048850400360055965000450059570000430064070000360068382295BD-RjUL20231207105308.0231115s2014 bg a|||| m||| 00| 0 eng d a(BD-RjUL)82295 aBD-RjULbengcBD-RjULdBD-RjUL aeng 223a341.48095492bISH 2014 aIslam, Md. Nahidul10aHuman Rights Situation in Bangladesh :bA Study with Special Refernce to the Role of Police /cBy Md. Nahidul Islam ;6Principal Supervisor : M. Anisur Rahman, Co-Supervisor : M. Ahsan Kabir aRajshahi :bDepartment of Law, University of Rajshahi,c2014 axviii, 433 Leaves :bill, ;c29 cm. aThesis (Ph. D.) -- Department of Law, University of Rajshahi, 2014 aBibliography : Leaves [367]-384 aHuman RightsvLaw of NationszBangladesh aRahmanM. Anisur, Principal Supervisor  aKabir, M. Ahsan, Co-Supervisor